The 1989 Malaysian Property Trust Conference (6-7 March 1989:Kuala Lumpur)
| Format: | Book |
|---|
MARC
| LEADER | 00000cam a2200000 7i4500 | ||
|---|---|---|---|
| 001 | 0000006279 | ||
| 005 | 20220218.0 | ||
| 040 | |a INS | ||
| 090 | 0 | 0 | |a S133 |
| 245 | 0 | 4 | |a The 1989 Malaysian Property Trust Conference (6-7 March 1989:Kuala Lumpur) |
| 999 | |a S000000227 |b BOOK |c Seminar |e Default branch | ||